| 000 | 00892nam a22002777a 4500 | ||
|---|---|---|---|
| 001 | BR7400258 | ||
| 003 | BR-BrBNA | ||
| 005 | 20230928084505.0 | ||
| 007 | ta | ||
| 008 | 230509b bl.||||| |||| 00| 0 por d | ||
| 040 |
_aBR-BrBNA _bpor _cBiblioteca Nacional de Agricultura |
||
| 041 | _a(Por) | ||
| 072 |
_aQ10 _b2120 _b9910 |
||
| 090 | _ 2120 BR7400258 | ||
| 100 | 1 | _aLeme, H. de A. | |
| 110 | 1 |
_aEscola Superior de Agricultura Luiz de Queiroz, Piracicaba, SP (Brasil) _0Tese (Cadeira de Mecanica e Maquinas Agricolas) |
|
| 245 | 1 | _aContribuicao para o estudo das maquinas nacionais de beneficiar cafe [Coffea arabica] | |
| 260 | 3 |
_aPiracicaba, SP (Brasil): _c1944. |
|
| 300 | _a174 p. | ||
| 500 | _aBibliography p. 167-172 (73 ref.) | ||
| 650 | _aTecnologia de alimento | ||
| 650 | _aCafe | ||
| 650 | _aMaquina agricola | ||
| 909 |
_a202309 _bLucia _c55 _dLucia Elande |
||
| 942 | _cBK | ||
| 999 |
_c19317 _d19317 |
||